Entertaining Middle B Quiz Stats

 Plays Quiz Updated Sep 9, 2019

Score 0/22 Timer 03:00
2 Plays Today
Hint _ _ B _ _ % Correct
Batman's sidekickRobin
91.9%
Fred Flintstone: _____ Dabba Doo!Yabba
89.6%
Abbey Road or ThrillerAlbum
89.5%
2016 Prize received by Bob DylanNobel
84.3%
Star Wars slug-like alienJabba
84.3%
Picasso or NerudaPablo
83.6%
Marty (Madagascar) or Stripes (Racing Stripes)Zebra
78.1%
_____ Cowboy: 1980 Travolta movieUrban
75.2%
Gone With the Wind actorGable
75.1%
Birthplace of Khaled Hosseini (Afghanistan)Kabul
73.1%
Chamber of Secrets house elfDobby
72.7%
Hint _ _ B _ _ % Correct
Fictional elephantBabar
68.2%
Geffen, Decca or Def JamLabel
61.1%
Andy GarcĂ­a or Emilio Estefan (at birth)Cuban
60.4%
Crockett's partner in Miami ViceTubbs
56.1%
Sex and the City character __. ___Mr. Big
51.7%
Where Lennon/Ono spent their 1969 protestIn Bed
41.1%
Prunella Scales character in Fawlty TowersSybil
33.5%
Robert Redford's The Natural characterHobbs
31.6%
Card game (French for shadow)Ombre
19.7%
The Seldom Seen Kid rock bandElbow
19.3%
Animaniacs Wakko's catchphraseFaboo
16.1%

You're not logged in!

Compare scores with friends on all Sporcle quizzes.
OR
Log In

Sporcle TV

Today on Sporcle TV


Watch our educational content, quiz creation guides, and fun videos on Sporcle TV.

Show Comments

Extras

Top Quizzes Today


Score Distribution

Your Account Isn't Verified!

In order to create a playlist on Sporcle, you need to verify the email address you used during registration. Go to your Sporcle Settings to finish the process.

Report this User

Report this user for behavior that violates our Community Guidelines.

Details: